000 005230000a22001810004500
003 MACL
005 20160401160724.0
008 160401b xxu||||| |||| 00| 0 eng d
040 _aMACL
_cMACL
041 _aHindi
082 _a398
100 _aडॉ जगीर सिंह नूर
_949766
245 _aमहक पंजाब की
260 _bवारिस शाह फाउडेंशन
_c2004
_aअमृतसर
350 _a150
650 _aFolklore
_949767
942 _cHIN
_k891.433/NOO/S
_2ddc
999 _c9972
_d9972